000 01497nam a2200289 a 4500
001 BRCA_9143
003 FranzMayer
005 20220928145630.0
008 030518s2017----mx-a######---#000-0#spa-#
020 _a9786070739842
040 _bspa
_cMFM
041 _aspa
_heng
044 _amx
050 4 _aNK4340
_b.P57 2017
100 1 _aPirouz-Moussavi, Farzaneh
_910451
245 1 0 _aCerámica entre dos mares :
_bde Bagdad a la talavera de Puebla = Clay Between two seas : from Baghdad to the Talavera of Puebla
_cFarzaneh Pirouz-Moussavi ; traducción Rondi Frankel.
260 _aMéxico
_bPlaneta Mexicana
_c2017
300 _a203 p.
_bil. a color
_c32 cm.
500 _aEste libro de referencia fue fundamental en la realización de las siguientes exposiciones : ´Talavera Poblana. Pasado y Presente´ Museo Franz Mayer. Ciudad de México, mayo a julio de 2016. ´Cerámica entre dos mares. De la Corte Abasí a la Talavera de Puebla de los Ángeles´ Crow Collection of Asian Art, Dallas, Texas, septiembre de 2016 a febrero de 2017. ´Cerámica entre dos mares. De Bagdad a la Talavera de Puebla´ Museo Internacional del Barroco. Puebla, abril a agosto de 2017
504 _aIncluye referencias bibliográficas
546 _aTexto en : español e inglés
650 1 4 _aCerámica
_zPuebla, México
_911689
650 1 4 _aTalavera poblana
_91700
700 1 _aFrankel, Rondi
_etr.
_922536
740 0 _aClay Between two seas : from Baghdad to the Talavera of Puebla
942 _2lcc
_cB
999 _c8790
_d8790